000
00218nam a2200085Ia 4500
008
220204s9999 xx 000 0 und d
082
_a
331:662.642(540)
_b
REP;1
245
0
_a
Report of the study group for coal
942
_c
BK
999
_c
22046
_d
22046